000 01092cam a2200277 i 4500
001 935193850
003 OSt
005 20250428125458.0
008 170926s2019 cau bf 001 0 eng
020 _a9781506344744 (paperback)
040 _aDLC
_beng
_erda
_cDLC
_dNUST
050 0 0 _aPN4775 FIL
100 1 _aFilak, Vincent F
_eAuthor
245 1 0 _aDynamics of news reporting and writing :
_bfoundational skills for a digital age /
_cVincent F Filak.
260 _aThousand Oaks, California :
_bCQ Press,
_c2019.
300 _axxi, 316 pages :
_bIllustrations,
_c26 cm.
336 _atext
_btxt
_2rdacontent
337 _aunmediated
_bn
_2rdamedia
338 _avolume
_bnc
_2rdacarrier
504 _aIncludes bibliographical references and index.
650 0 _vJournalism -- Handbooks, manuals, etc.
650 0 _vJournalism -- Authorship -- Handbooks, manuals, etc.
650 0 _vBroadcast journalism -- Authorship -- Handbooks, manuals, etc.
650 0 _vOnline journalism -- Authorship -- Handbooks, manuals, etc.
942 _2lcc
_cBOOKS
_hPN4775 FIL
_kPN
_mFIL
_n0
999 _c171696
_d171696